000 00303nam a22001337a 4500
008 170621b xxu||||| |||| 00| 0 eng d
020 _a9781608712755
041 _aeng
080 _a327
100 _a20
101 _aSHP
245 _aTHE LOGIC ON AMERICAN POLITICS
_cKERNELL.S
942 _2udc
_cBK
999 _c18478
_d18478